• 首页
  • 本馆介绍
  • 公告通知
  • 最新文献
  • 馆藏检索
  • 电子资源
  • 读者导购
  • 参考咨询
  • 我的图书馆
  • 登录
  • 详细信息显示
  • 放入我的书架
  • 预约/预借图书
  • 作者相关作品
  • 分类相关作品
  • 丛书相关作品
  • 出版社相关作品

书目信息

  • 表格格式
  • 工作单格式
  • 卡片格式
题名:
中日恩怨两千年
    
 
作者: 樱雪丸 著
分册: 第一部   日出日落
出版信息: 贵阳   贵州人民出版社  2016.05
页数: 276页
开本: 23cm
丛书名:
单 册:
中图分类: D829.313 , K209
科图分类:
主题词: 中日关系--国际关系史 , 中国历史--通俗读物
电子资源:
ISBN: 978-7-221-12876-8
000 00967nam0 2200301 450
001 0120161857331
005 20170920092115.43
010    @a978-7-221-12876-8@dCNY35.00
100    @a20160602d2016 em y0chiy50 ea
101 0  @achi
102    @aCN@b520000
105    @ay z 000yy
106    @ar
200 1  @a中日恩怨两千年@9zhong ri en yuan liang qian nian@h第一部@i日出日落
205    @a修订本
210    @a贵阳@c贵州人民出版社@d2016.05
215    @a276页@d23cm
314    @a版权页题:樱雪丸著
330    @a本书主要内容包括:初次见面,我是倭酱;亲魏倭王;邪马台王国;古坟与渡来人;倭五王;佛教传来;圣德太子;日出日落;又一次国书事件;大化改新等。
333    @a中国历史爱好者
606 0  @a中日关系@x国际关系史
606 0  @a中国历史@j通俗读物
607    @a日本@x历史@j通俗读物
690    @aD829.313@v5
690    @aK209@v5
701  0 @a樱雪丸@9ying xue wan@4著
801  0 @aCN@b人天书店@c20160602
905    @b1078014-19@dD829.313@e180:1=2@f6
    
    中日恩怨两千年.第一部.日出日落.-修订本.-贵阳:贵州人民出版社,2016.05
    276页;23cm
    使用对象:中国历史爱好者
    
    ISBN 978-7-221-12876-8:CNY35.00
    本书主要内容包括:初次见面,我是倭酱;亲魏倭王;邪马台王国;古坟与渡来人;倭五王;佛教传来;圣德太子;日出日落;又一次国书事件;大化改新等。
●
相关链接 在E读中查询图书 在五车中查询图书 在当当中查询图书 在豆瓣中查询图书


正题名:中日恩怨两千年     索取号:D829.313/180:1=2         预约/预借

序号 登录号 条形码 馆藏地/架位号 状态 备注
1 1078014   210780145   第一样本阅览室/ [索取号:D829.313/180:1=2] 在馆    
2 1078015   210780154   第一借阅区/ [索取号:D829.313/180:1=2] 在馆    
3 1078016   210780163   第一借阅区/ [索取号:D829.313/180:1=2] 在馆    
4 1078017   210780172   第一借阅区/ [索取号:D829.313/180:1=2] 在馆    
5 1078018   210780181   密集书库-史法系/ [索取号:D829.313/180:1=2] 在馆    
6 1078019   210780190   第一借阅区/ [索取号:D829.313/180:1=2] 在馆    
唐山师范学院图书馆 欢迎您!
大连网信软件有限公司© 版权所有